III. Streichquartett = IIIe quatuor à cordes = IIIrd string quartet : 1925 /
Saved in:
| Main Author: | |
|---|---|
| Format: | Musical Score |
| Language: | No linguistic content |
| Published: |
[Wien] :
Universal Edition,
[1997], ©1927.
|
| Subjects: | |
| Tags: |
Add Tag
No Tags, Be the first to tag this record!
|
| LEADER | 00972ccm a2200289Ia 4500 | ||
|---|---|---|---|
| 001 | 007780038-9 | ||
| 005 | 20170426152644.0 | ||
| 008 | 990106t19971927au zzz n zxx d | ||
| 024 | 2 | |a M008057748 | |
| 028 | 2 | 2 | |a U.E. 8885 |b Universal-Edition |
| 028 | 3 | 0 | |a UE 8885 |b Universal Edition |
| 035 | 0 | |a ocm40576659 | |
| 040 | |a CIN |b eng |c CIN |d HMU |d OCLCQ |d OCLCG |d OCLCF |d OCLCO |d OCLCQ | ||
| 045 | |a x2x2 | ||
| 048 | |a sa02 |a sb01 |a sc01 | ||
| 050 | 4 | |a M452.T355 |b Q3 no.3 | |
| 100 | 1 | |a Tansman, Alexandre, |d 1897-1986. | |
| 240 | 1 | 0 | |a Quartets, |m violins (2), viola, cello, |n no. 3 |
| 245 | 0 | 0 | |a III. Streichquartett = |b IIIe quatuor à cordes = IIIrd string quartet : 1925 / |c Alexandre Tansman. |
| 260 | |a [Wien] : |b Universal Edition, |c [1997], ©1927. | ||
| 300 | |a 4 parts ; |c 31 cm | ||
| 336 | |a notated music |b ntm |2 rdacontent | ||
| 337 | |a unmediated |b n |2 rdamedia | ||
| 650 | 0 | |a String quartets |v Parts. | |
| 650 | 7 | |a String quartets |x Parts. |2 fast | |
| 988 | |a 20020608 | ||
| 906 | |0 OCLC | ||


